|
|
|
|
| LEADER |
00000nam a2200000 a 4500 |
| 001 |
vtls001288604 |
| 003 |
SK-MaSNL |
| 005 |
20260301064902.0 |
| 008 |
240315s1996 xr a a cze |
| 020 |
|
|
|a 8085873605
|c b.c.
|
| 035 |
|
|
|a SNK000240206
|
| 035 |
|
|
|a urn:nbn:sk:snk-amtj4o
|
| 035 |
|
|
|a urn:nbn:sk:snk-am00c5m3
|
| 035 |
|
|
|a 90529E02-F403-4592-86CB-2210412CA9CA
|
| 040 |
|
|
|a SNK
|b slo
|c SNK
|e AACR2
|
| 041 |
0 |
|
|a cze
|
| 044 |
|
|
|a CZ
|
| 080 |
|
|
|a 820-93=850
|2 1981
|
| 080 |
|
|
|a 820-34=850
|2 1981
|
| 100 |
1 |
|
|a McAllister, Hayden
|4 aut
|9 41420
|
| 245 |
1 |
|
|a Modrý a žlutý vláček
|c Hayden McAllister ; ilustroval Alan Fredman ; [překlad z angličtiny Pavel Zahálka]
|
| 260 |
|
|
|a Praha
|b Fortuna Print
|c c1996
|e Martin
|f Neografia
|
| 300 |
|
|
|a 61 s.
|c 31 cm
|
| 650 |
0 |
7 |
|a literatúra anglická
|x rozprávky
|2 SNK
|9 382823
|
| 650 |
0 |
7 |
|a anglické rozprávky
|2 SNK
|9 299020
|
| 700 |
1 |
|
|a Fredman, Alan
|4 ill
|9 43766
|
| 919 |
|
|
|a 80-85873-60-5
|
| 999 |
|
|
|c 628600
|d 630530
|
| 952 |
|
|
|t P60, <03>, [BOOK], {603}
|a SNK
|b SNK
|y PREZ
|7 0
|p 17A0069499
|o snkSB 57027
|i snkKSP 5697/97
|0 0
|1 0
|4 0
|d 1997-06-06
|f 1
|l 0
|r 2025-04-09 00:00:00
|w 2026-02-23
|